书目信息 |
| 题名: |
战略环境评价实践
|
|
| 作者: | 泰里夫, , Therivel, , 里基·泰里夫Riki Therivel 著 ;鞠美庭 , 李海生 , 李洪远 译 | |
| 分册: | ||
| 出版信息: | 北京 化学工业出版社 教材出版中心 2005.9 |
|
| 页数: | 177页 | |
| 开本: | 26cm | |
| 丛书名: | 环境科学与工程系列 | |
| 单 册: | ||
| 中图分类: | X820.3 | |
| 科图分类: | ||
| 主题词: | 环境影响--huan jing ying xiang--评价 | |
| 电子资源: | ||
| ISBN: | 7-5025-7398-4 | |
| 000 | 01479cam2 2200349 450 | |
| 001 | 012006027060 | |
| 005 | 20060329101010.1 | |
| 010 | @a7-5025-7398-4@dCNY29.00 | |
| 100 | @a20050716d2005 em y0chiy0121 ea | |
| 101 | 1 | @achi@ceng |
| 102 | @aCN@b110000 | |
| 105 | @af z 001yy | |
| 200 | 1 | @a战略环境评价实践@Azhan lue huan jing ping jia shi jian@f(英)里基·泰里夫[Riki Therivel]著@F(ying)li ji·tai li fu[Riki Therivel]zhu@g鞠美庭,李海生,李洪远译 |
| 210 | @a北京@c化学工业出版社 教材出版中心@d2005.9 | |
| 215 | @a177页@c图@d26cm | |
| 225 | 2 | @a环境科学与工程系列@Ahuan jing ke xue yu gong cheng xi lie |
| 306 | @a国外优秀科技著作出版专项基金资助出版 | |
| 320 | @a有书目(第167-172页)、索引(第173-177页) | |
| 330 | @a本书介绍了一系列的技术方法,并且讨论了最终应该给出的结果,结合欧盟2001/42/EC号指令《ESA指令》和联合国欧洲经济委员会《战略环境评价书》的标准等。 | |
| 461 | 0 | @12001 @a环境科学与工程系列 |
| 510 | 1 | @aStrategic environmental assessment in action@zeng |
| 606 | 0 | @a环境影响@Ahuan jing ying xiang@x评价 |
| 690 | @aX820.3@v4 | |
| 701 | 1 | @c(英)@a泰里夫,@Atai li fu@bR.@g(Therivel, Riki)@4著 |
| 701 | 1 | @c(英)@aTherivel,@bR.@g(Therivel, Riki)@4著 |
| 701 | 0 | @a里基·泰里夫Riki Therivel@Ali ji·tai li fu Riki Therivel@4著 |
| 702 | 0 | @a鞠美庭@Aju mei ting@4译 |
| 702 | 0 | @a李海生@Ali hai sheng@4译 |
| 702 | 0 | @a李洪远@Ali hong yuan@4译 |
| 801 | 0 | @aCN@bSRXX@c20051008 |
| 801 | 2 | @aCN@bSRXX@c20060329 |
| 905 | @a10447@dX820.3@eT082 | |
| 战略环境评价实践/(英)里基·泰里夫[Riki Therivel]著/鞠美庭,李海生,李洪远译.-北京:化学工业出版社 教材出版中心,2005.9 |
| 177页:图;26cm.-(环境科学与工程系列) |
| ISBN 7-5025-7398-4:CNY29.00 |
| 本书介绍了一系列的技术方法,并且讨论了最终应该给出的结果,结合欧盟2001/42/EC号指令《ESA指令》和联合国欧洲经济委员会《战略环境评价书》的标准等。 |
| ● |
| 相关链接 |
|
|
|
正题名:战略环境评价实践
索取号:X820.3/T082
 
预约/预借
| 序号 | 登录号 | 条形码 | 馆藏地/架位号 | 状态 | 备注 |
| 1 | 549439 | 205494393 | 自科库501/501自科库 113排1列4层/ [索取号:X820.3/T082] | 在馆 | |
| 2 | 549440 | 205494400 | 自科库501/501自科库 113排1列4层/ [索取号:X820.3/T082] | 在馆 | |
| 3 | 549441 | 205494419 | 自科二线504/501自科库 113排1列4层/ [索取号:X820.3/T082] | 在馆 |